000 00597nam a22001817a 4500
005 20251108164125.0
008 250721s1993 xx 000 0 ara d
082 1 4 _a729.0956/مهد
100 1 _aالمهدي، عنايات
245 1 0 _aروائع الفن في الزخرفة الإسلامية :
_bالمغرب - مصر و الشام /
264 1 _aالقاهرة :
_bمكتبة ابن سينا،
_c1993.
300 _a237ص.
650 1 7 _aالفنون
650 1 7 _aالفنون الإسلامية
650 1 7 _aالزخرفية الإسلامية
942 _2ddc
_cBK
999 _c4210
_d4210